Választó-jogunk nemzeti reformja írta és az 1910. évi március 19-iki országos gyűlésen előadta /

Elmentve itt :
Bibliográfiai részletek
Szerző: Baross János
Dokumentumtípus: Cikk
Megjelent: 1910
Sorozat:Kolligátum
Kulcsszavak:Választójog - Magyarország - története
Online Access:http://misc.bibl.u-szeged.hu/23013
LEADER 00625nab a2200169 i 4500
001 misc23013
005 20191111110544.0
008 170829s1910 hu o 0|| zxx d
040 |a SZTE Miscellanea Repozitórium  |b hun 
041 |a zxx 
100 1 |a Baross János 
245 1 0 |a Választó-jogunk nemzeti reformja   |h [elektronikus dokumentum] :  |b írta és az 1910. évi március 19-iki országos gyűlésen előadta /  |c  Baross János 
260 |c 1910 
300 |a 1-71 
490 0 |a Kolligátum 
695 |a Választójog - Magyarország - története 
856 4 0 |u http://misc.bibl.u-szeged.hu/23013/1/08571_001-071.pdf  |z Dokumentum-elérés